| 000 | 01084nam0a22002891 4500 | ||
|---|---|---|---|
| 001 | RU\INFOCOMM_322\NLR\5000191834 | ||
| 005 | 20250613111013.0 | ||
| 035 | _a(NLR Aleph) 009579111 | ||
| 090 |
_a9178886 _c9178886 |
||
| 100 | _a20130221d1964 |||y0rusy50 ca | ||
| 101 | 0 | _aeng | |
| 102 | _aRU | ||
| 105 | _ay z ||||| | ||
| 200 | 1 |
_aBench-work _eA training course _eThe foreman's handbook of teaching methods _fL. D. Mitrofanov |
|
| 210 |
_aM. _cProftekhizdat _d[1964] |
||
| 215 |
_a526 с. _cил. _d22 см |
||
| 300 | _aНа доп. тит. л.: Л. Д. Митрофанов. Производственное обучение слесарному делу | ||
| 309 | _aОтпеч. множит. аппаратом | ||
| 513 | 1 |
_aПроизводственное обучение слесарному делу _zrus |
|
| 620 | _aМосква | ||
| 686 |
_aПр25-800-23(слесари) _2rubbk |
||
| 700 | 1 |
_aMitrofanov _bL. D. _gLeonid Dmitrievič |
|
| 801 | 1 |
_aRU _bInfocomm _c20130221 |
|
| 801 | 0 |
_aRU _bINFOCOMM _gPSBO |
|
| 852 |
_aNLR _jПр31 Г-5/22 |
||
| 942 | _cBOOK | ||
| 980 | _aNB | ||